| 000 | 01378nam0a2200349 i 4500 | ||
|---|---|---|---|
| 001 | RU\NLR\BIBL_A\010357011 | ||
| 005 | 20240921170751.0 | ||
| 010 |
_a9785946552202 _9150 |
||
| 021 |
_aRU _b2014-20011 _91244 |
||
| 035 | _a(NILC)RuMoRGB-006763135 | ||
| 035 | _a(NLR Aleph) 010357011 | ||
| 090 |
_a10766017 _c10766017 |
||
| 100 | _a20140515d2013 um y0rusy50 ca | ||
| 101 | 0 | _arus | |
| 102 | _aRU | ||
| 105 | _aa|||z||||00yy | ||
| 200 | 1 |
_aРазноусые чешуекрылые Вьетнама _iСем. Листовертки. Lepidoptera: Tortricidae _fС.В. Недошивина |
|
| 210 |
_aУльяновск _cКорпорация технологий продвижения _d2013 |
||
| 215 |
_a240 с. _cил., цв. ил. _d27 |
||
| 300 | _aЗагл. также на вьет. яз. | ||
| 320 | _aБиблиогр.: с. 196-200 (99 назв.) | ||
| 606 | 1 |
_aЛистовертки _yВьетнам _92184938 _3RU\NLR\AUTH\6601550014 |
|
| 675 | _a595.78(597) | ||
| 686 | 1 | _aЕ691.895.2Tor(57В) | |
| 700 | 1 |
_aНедошивина _bС. В. _cканд. биол. наук _gСветлана Викторовна _9235884 _3RU\NLR\AUTH\770235940 |
|
| 801 | 0 |
_aRU _bRuMoRKP _c20140320 _gRCR |
|
| 801 | 2 |
_aRU _bРГБ _c20140404 _grcr |
|
| 801 | 1 |
_aRU _bRuMoRKP _c20140320 _2rusmarc |
|
| 942 | _cBOOK | ||
| 980 | _aNBR | ||